Paganos y cristianos de ayer y hoy
Na minha lista:
| Autor principal: | |
|---|---|
| Formato: | Livro |
| Idioma: | espanhol |
| Publicado em: |
Santiago
Lom
2005
|
| Edição: | 1a. ed |
| coleção: | Ciencias Humanas
|
| Assuntos: | |
| Tags: |
Adicionar Tag
Sem tags, seja o primeiro a adicionar uma tag!
|
MARC
| LEADER | 00000nam a2200000 a 4500 | ||
|---|---|---|---|
| 001 | UCH5069 | ||
| 003 | CL-VaPUC | ||
| 008 | 090916e20050000CL |||||||||||||||||spa|d | ||
| 020 | |a 9562827291 | ||
| 082 | 0 | 4 | |a 261.22 |b HOU |2 21 |
| 100 | |a Hourton Poisson, Jorge |e author |9 545767 | ||
| 245 | 1 | 0 | |a Paganos y cristianos de ayer y hoy |
| 250 | |a 1a. ed | ||
| 300 | |a 152 p | ||
| 942 | |c BK | ||
| 945 | |d 20090916 00:00:00 |a dcastane | ||
| 260 | |a Santiago |b Lom |c 2005 | ||
| 650 | 0 | |a Cristianismo |9 257361 | |
| 650 | 0 | |a Judaísmo |9 269348 | |
| 650 | 0 | |a Paganismo |9 316776 | |
| 583 | |a last modification |c 20090916 00:00:00 |k Rodrigo Vera | ||
| 490 | 0 | |a Ciencias Humanas | |
| 999 | |c 336278 |d 336276 | ||
| 952 | |0 0 |1 0 |4 0 |6 261_220000000000000_HOU_2005 |7 0 |8 X |9 427284 |a FDOBUD |b FDOBUD |d 2019-11-22 |i 459634K |o 261.22 HOU 2005 |p 459634K |r 2019-11-22 |w 2019-11-22 |y BK_X |k BUD | ||